| 000 | 01030cam a2200301 a 4500 | ||
|---|---|---|---|
| 999 |
_c34916 _d34916 |
||
| 001 | 17263818 | ||
| 003 | OSt | ||
| 005 | 20200201101313.0 | ||
| 008 | 120419s2009 ii a b 001 0 eng d | ||
| 010 | _a 2011410970 | ||
| 016 | 7 |
_a015470320 _2Uk |
|
| 020 | _a9780195699180 (pbk.) | ||
| 020 | _a0195699181 (pbk.) | ||
| 035 | _a(OCoLC)ocn319495279 | ||
| 040 |
_aBTCTA _coclc _dYDXCP _dBWX _dKMM _dKSU _dUKMGB _dMIX _dDLC |
||
| 042 | _alccopycat | ||
| 050 | 0 | 0 |
_aHD59 _b.S15 2009 |
| 082 | 0 | 0 |
_a659.2 _223 _bSAC/P |
| 100 |
_aSachdeva, Iqbal S _91732 |
||
| 245 | 1 | 0 |
_aPublic relations : _bprinciples and practices / _cIqbal S. Sachdeva |
| 260 |
_aNew Delhi : _bOxford University Press, _c2009. |
||
| 300 |
_axvi, 568 p. : _bill. ; _c24 cm. |
||
| 504 | _aIncludes bibliographical references and index. | ||
| 650 | 0 | _aPublic relations. | |
| 906 |
_a7 _bcbc _ccopycat _d2 _encip _f20 _gy-gencatlg |
||
| 942 |
_2ddc _cBK _h659.2 _iSAC/P _k659.2 _mSAC/P |
||